000
00281nam a2200109Ia 4500
008
190216s9999||||xx |||||||||||||| ||und||
100
_a
Banga T R
 Sharma S C
245
0
_a
Mechanical Estimating And Costing
260
_b
Sulthan Chand&Sons
_c
1970
300
_a
239p
942
_c
BK
999
_c
4451
_d
4451